TIPS FOR CONSERVING THE ENVIRONMENT AND ENERGY (Record no. 542832)

000 -LEADER
fixed length control field 00312nam a22001097a 4500
082 ## - DEWEY DECIMAL CLASSIFICATION NUMBER
Classification number 363.7
Author Mark TIP
-- D
245 ## - TITLE STATEMENT
Title TIPS FOR CONSERVING THE ENVIRONMENT AND ENERGY
260 ## - PUBLICATION, DISTRIBUTION, ETC.
Place of publication, distribution, etc. Washington
Name of publisher, distributor, etc. The World Bank
Date of publication, distribution, etc. 1974
300 ## - PHYSICAL DESCRIPTION
Extent 61 p. :
Other physical details ill. :
Dimensions 12 cm
526 ## - STUDY PROGRAM INFORMATION NOTE
Program name 0
Interest level 0
Reading level 0
Title point value 363_700000000000000_TIP
942 ## - ADDED ENTRY ELEMENTS (KOHA)
Source of classification or shelving scheme
Koha item type Book
Holdings
Withdrawn status Lost status Source of classification or shelving scheme Damaged status Not for loan Permanent Location Current Location Date acquired Total Checkouts Full call number Barcode Date last seen Price effective from Koha item type
          Military College of Engineering (MCE) Military College of Engineering (MCE) 02/19/2014   363.7 TIP MCE-42598 02/19/2014 02/19/2014 Book
© 2023 Central Library, National University of Sciences and Technology. All Rights Reserved.